[Event "Cologne Chess Days op"]
[Site "Cologne"]
[Date "2010.08.21"]
[Round "3"]
[White "Hack, Thomas1111"]
[Black "Heilmann, Bernhard"]
[Result "1-0"]
[WhiteElo "2046"]
[BlackElo "1516"]
[PlyCount "55"]
[EventDate "2010.08.20"]
[EventType "swiss"]
[EventRounds "5"]
[EventCountry "GER"]
[SourceTitle "EXT 2011"]
[Source "ChessBase"]
[SourceDate "2010.11.26"]
[SourceVersion "1"]
[SourceVersionDate "2010.11.26"]
[SourceQuality "1"]

1. d4 e6 2. Nf3 c5 3. c3 cxd4 4. cxd4 Bb4+ 5. Nc3 Nc6 6. a3 Ba5 7. b4 Bc7 8. e4 d5 9. e5 Nge7 10. Bd3 Ng6 11. h4 f5 12. h5 Nge7 13. Ne2 Qd7 14. Nf4 Nd8 15. Ng5 Qc6 16. Bb2 b5 17. Rc1 Qb6 18. 0-0 h6 19. Nf3 Nf7 20. Bxb5+ Qxb5 21. Rxc7 Nc6 22. Qc2 Bd7 23. Nxe6 Bxe6 24. Rxc6 Nd8 25. Rc5 Qb7 26. Rc7 Rc8 27. Qa4+ Bd7 28. Qxd7+ 1-0

[Event "Cologne Chess Days op"]
[Site "Cologne"]
[Date "2010.08.21"]
[Round "2"]
[White "Heilmann, Bernhard"]
[Black "Zimmermann, Ruth"]
[Result "1-0"]
[WhiteElo "1516"]
[BlackElo "1794"]
[PlyCount "74"]
[EventDate "2010.08.20"]
[EventType "swiss"]
[EventRounds "5"]
[EventCountry "GER"]
[SourceTitle "EXT 2011"]
[Source "ChessBase"]
[SourceDate "2010.11.26"]
[SourceVersion "1"]
[SourceVersionDate "2010.11.26"]
[SourceQuality "1"]

1. e4 e6 2. d4 d5 3. Nd2 dxe4 4. Nxe4 Nd7 5. Nf3 Ngf6 6. Nfg5 Nxe4 7. Nxe4 Nf6 8. Bg5 Be7 9. Bb5+ Bd7 10. Nxf6+ Bxf6 11. Bxf6 Qxf6 12. Bxd7+ Kxd7 13. Qe2 Ke7 14. Qc4 Rhd8 15. Qxc7+ Rd7 16. Qc5+ Ke8 17. c3 Rd5 18. Qc4 Qg6 19. 0-0 Rg5 20. g3 Rh5 21. Qe2 Rd8 22. f4 Rdd5 23. Rad1 Rh3 24. Rd3 Rdh5 25. Rf2 Kf8 26. Rg2 Qh6 27. Rf3 g5 28. fxg5 Rxg5 29. Qe3 Qg6 30. a3 h5 31. Qf2 Rf5 32. Rxf5 exf5 33. Qf4 Qg4 34. Rf2 Qd1+ 35. Kg2 Qg4 36. Qxf5 Qxf5 37. Rxf5 h4 1-0

[Event "Cologne Chess Days op"]
[Site "Cologne"]
[Date "2010.08.20"]
[Round "1"]
[White "Weber, Meikel"]
[Black "Heilmann, Bernhard"]
[Result "1-0"]
[WhiteElo "2066"]
[BlackElo "1516"]
[PlyCount "37"]
[EventDate "2010.08.20"]
[EventType "swiss"]
[EventRounds "5"]
[EventCountry "GER"]
[SourceTitle "EXT 2011"]
[Source "ChessBase"]
[SourceDate "2010.11.26"]
[SourceVersion "1"]
[SourceVersionDate "2010.11.26"]
[SourceQuality "1"]

1. e4 c6 2. d4 d5 3. Nc3 dxe4 4. Nxe4 Bf5 5. Ng3 Bg6 6. Nh3 h6 7. Bc4 e6 8. Nf4 Bxc2 9. Qxc2 Qxd4 10. 0-0 Ne7 11. Be3 Qd7 12. Rfe1 Nd5 13. Ngh5 Na6 14. Bxa6 Nxf4 15. Bxb7 Nh3+ 16. gxh3 Qxb7 17. Bc5 Rc8 18. Rad1 Qb5 19. Rxe6+ 1-0

[Event "Leverkusen-ch op"]
[Site "Leverkusen"]
[Date "2007.01.08"]
[Round "1"]
[White "Boehm, Stefan"]
[Black "Heilmann, Bernhard"]
[Result "1-0"]
[WhiteElo "2091"]
[BlackElo "1453"]
[PlyCount "37"]
[EventDate "2007.01.08"]
[EventType "swiss"]
[EventRounds "7"]
[EventCountry "GER"]
[SourceTitle "EXT 2008"]
[Source "ChessBase"]
[SourceDate "2007.11.25"]
[SourceVersion "1"]
[SourceVersionDate "2007.11.25"]
[SourceQuality "1"]

1. d4 c5 2. d5 e6 3. c4 d6 4. Nc3 g6 5. e4 Nd7 6. Nf3 Nb6 7. Bd3 exd5 8. cxd5 Bh6 9. 0-0 Bxc1 10. Qxc1 Ne7 11. Re1 0-0 12. Qh6 Nd7 13. Ng5 Nf6 14. e5 dxe5 15. Rxe5 Kh8 16. Rxe7 Qxe7 17. Nce4 Rg8 18. Nxf6 Rg7 19. Ngxh7 1-0

[Event "Troisdorf op"]
[Site "Troisdorf"]
[Date "2005.12.06"]
[Round "7.21"]
[White "Koschmieder, Josef"]
[Black "Heilmann, Bernhard"]
[Result "1/2-1/2"]
[WhiteElo "1561"]
[BlackElo "1452"]
[PlyCount "103"]
[EventDate "2005.10.18"]
[EventType "swiss"]
[EventRounds "7"]
[EventCountry "GER"]
[SourceTitle "EXT 2006"]
[Source "ChessBase"]
[SourceDate "2005.11.24"]
[SourceVersion "1"]
[SourceVersionDate "2005.11.24"]
[SourceQuality "1"]

1. e4 c6 2. Nf3 d5 3. exd5 cxd5 4. Bb5+ Bd7 5. Bxd7+ Nxd7 6. 0-0 Ngf6 7. d4 e6 8. c3 Ne4 9. Bf4 Qb6 10. Qc2 Bd6 11. Bxd6 Qxd6 12. Nbd2 Ndf6 13. h3 Rc8 14. Qa4+ Qc6 15. Qc2 Nxd2 16. Nxd2 b5 17. a3 0-0 18. Rac1 a5 19. Nb3 Ra8 20. Nd2 Rfc8 21. Rfe1 Rc7 22. Nb3 Ne4 23. f3 Nd6 24. Re2 Qb6 25. Qd3 Nb7 26. Kh1 a4 27. Nd2 Nd6 28. Nf1 Nf5 29. Rec2 Qc6 30. Qd2 Qc4 31. Kh2 Re7 32. Kh1 Qc7 33. Qf2 Qf4 34. Re1 Qh4 35. Qe2 Rb8 36. Qd2 Ng3+ 37. Nxg3 Qxg3 38. Re5 f6 39. Re3 Kf7 40. Qd1 Qd6 41. Rce2 e5 42. dxe5 Rxe5 43. Rxe5 fxe5 44. Rd2 Ke6 45. Qc2 g6 46. Qd1 h5 47. Qc2 Ke7 48. Qd3 Qc6 49. Qxd5 Qxd5 50. Rxd5 Ke6 51. Rd2 Rb6 52. Kh2 1/2-1/2

[Event "Leverkusen-ch op"]
[Site "Leverkusen"]
[Date "2005.03.07"]
[Round "6"]
[White "Heilmann, Bernhard"]
[Black "Hasanovic, Husein"]
[Result "1-0"]
[WhiteElo "1397"]
[BlackElo "1718"]
[PlyCount "117"]
[EventDate "2005.01.10"]
[EventType "swiss"]
[EventRounds "9"]
[EventCountry "GER"]
[SourceTitle "EXT 2006"]
[Source "ChessBase"]
[SourceDate "2005.11.24"]
[SourceVersion "1"]
[SourceVersionDate "2005.11.24"]
[SourceQuality "1"]

1. e4 c5 2. Nf3 Nc6 3. d4 cxd4 4. Nxd4 g6 5. Nc3 Bg7 6. Be3 Nf6 7. Nxc6 bxc6 8. Bc4 0-0 9. Qd2 Nxe4 10. Nxe4 d5 11. 0-0-0 Qc7 12. Bd4 e5 13. Bc5 Be6 14. Bxf8 Bxf8 15. Bxd5 cxd5 16. Nf6+ Kg7 17. Nxd5 Qb7 18. Qa5 Rb8 19. b3 Rc8 20. c4 Rc5 21. Qc3 f6 22. Ne3 Rc7 23. f3 Bf7 24. Rhf1 Bb4 25. Qd3 Qa6 26. a4 Bc5 27. Nd5 Rc8 28. Kb2 Bd4+ 29. Ka2 Qb7 30. Rb1 Bxd5 31. cxd5 Rc3 32. Qd1 Qb4 33. Rb2 Bc5 34. Re1 Qa3+ 35. Kb1 Bd4 36. Ree2 Re3 37. Red2 Rd3 38. Qc2 Rc3 39. Qd1 Rd3 40. Qc2 Rc3 41. Qd1 Rc5 42. Ra2 Qb4 43. Rd3 Rxd5 44. Qd2 Qb6 45. Rc2 Qd6 46. Ka2 Qd7 47. Rc4 Rd6 48. Qb4 Rb6 49. Qc5 Rb7 50. Qc6 Qf7 51. h3 g5 52. Ka3 Rd7 53. Qe4 f5 54. Qe2 Qd5 55. Ka2 e4 56. fxe4 fxe4 57. Rdxd4 Qe6 58. Rxd7+ Qxd7 59. Qb2+ 1-0

[Event "Leverkusen-ch op"]
[Site "Leverkusen"]
[Date "2005.02.21"]
[Round "5"]
[White "Weber, Olaf"]
[Black "Heilmann, Bernhard"]
[Result "1-0"]
[WhiteElo "1858"]
[BlackElo "1397"]
[PlyCount "45"]
[EventDate "2005.01.10"]
[EventType "swiss"]
[EventRounds "9"]
[EventCountry "GER"]
[SourceTitle "EXT 2006"]
[Source "ChessBase"]
[SourceDate "2005.11.24"]
[SourceVersion "1"]
[SourceVersionDate "2005.11.24"]
[SourceQuality "1"]

1. d4 Nf6 2. c4 g6 3. Nc3 Bg7 4. Nf3 d6 5. g3 Nbd7 6. Bg2 c5 7. d5 Nb6 8. Nd2 e5 9. dxe6 fxe6 10. 0-0 a6 11. Qc2 Qc7 12. a4 Bd7 13. a5 Nc8 14. Nde4 Bc6 15. Nxf6+ Bxf6 16. Ne4 Be7 17. Bh3 Bd7 18. Bh6 Rg8 19. Rfd1 e5 20. Bxd7+ Kxd7 21. Qd2 Bd8 22. Qd5 Re8 23. Nxc5+ 1-0